Thesaurus and name authority 1975-1979 /
Enregistré dans:
| Auteur principal: | |
|---|---|
| Collectivités auteurs: | , |
| Autres auteurs: | |
| Format: | Texte |
| Publié: |
California:
UCLA
|
| Tags: |
Ajouter un tag
Pas de tags, Soyez le premier à ajouter un tag!
|
MARC
| LEADER | 00000 a a2200000 04500 | ||
|---|---|---|---|
| 001 | 23538 | ||
| 003 | |||
| 040 | |||
| 020 | |a 0-87903-406-8 | ||
| 090 | |a R 164600 | ||
| 100 | |a Valk, Barbara G | ||
| 110 | |a University California of Latin American Center Publications | ||
| 245 | |a Thesaurus and name authority 1975-1979 / |c University California of Latin American Center Publications | ||
| 260 | |a California: |b UCLA | ||
| 300 | |a 152 p. | ||
| 700 | |a comp. | ||
| 710 | |a UCLA | ||
| 999 | |c 11179 |d 11179 | ||



